ბათუმის შოთა რუსთაველის სახელმწიფო უნივერსიტეტის ბიბლიოთეკა

Алгебра (ბიბ.ჩანაწერი № 48179)

000 -LEADER
fixed length control field 00501nam a2200205Ia 4500
001 - CONTROL NUMBER
control field 15061
003 - CONTROL NUMBER IDENTIFIER
control field GE_BSU
008 - FIXED-LENGTH DATA ELEMENTS--GENERAL INFORMATION
fixed length control field 181216s||||||||xx |||||||||||||| ||und||
040 ## - CATALOGING SOURCE
Transcribing agency GE_BSU
080 ## - UNIVERSAL DECIMAL CLASSIFICATION NUMBER
Universal Decimal Classification number 512+512.54+512.64
100 ## - MAIN ENTRY--PERSONAL NAME
Personal name Варден,Ван дер Б.Л.
245 ## - TITLE STATEMENT
Title Алгебра
245 ## - TITLE STATEMENT
Statement of responsibility, etc. Под.ред.Ю.И.Мерзлякова
260 ## - PUBLICATION, DISTRIBUTION, ETC.
Place of publication, distribution, etc. Москва
260 ## - PUBLICATION, DISTRIBUTION, ETC.
Name of publisher, distributor, etc. Наука
260 ## - PUBLICATION, DISTRIBUTION, ETC.
Date of publication, distribution, etc. 1976
300 ## - PHYSICAL DESCRIPTION
Extent 648стр.22см.
653 ## - INDEX TERM--UNCONTROLLED
Uncontrolled term Алгебра
942 ## - ADDED ENTRY ELEMENTS (KOHA)
Koha item type წიგნი
ეგზემპლარები
Withdrawn status Lost status Damaged status Not for loan Date acquired Barcode Date last seen Price effective from Koha item type
        2018-12-17 15072 2018-12-17 2018-12-17 წიგნი
        2018-12-17 16738 2018-12-17 2018-12-17 წიგნი
        2018-12-17 16753 2018-12-17 2018-12-17 წიგნი